000 00672nam a2200193 i 4500
001 69664
003 ES-MaACL
005 20250801000100.0
007 t|
008 040708s1980 sp ||||1| spa d
100 1 _aGarcía Fuentes, Lutgardo.
_954626
245 1 3 _aEl comercio español con América, 1650-1700 /
_cLutgardo García Fuentes ; prólogo Luis Navarro García.
260 _aSevilla :
_bEscuela de Estudios Hispano-Americanos,
_c1980.
300 _aXXVI, 574 p. ;
_c24 cm.
700 1 _aNavarro García, Luis
_985126
710 2 _aEscuela de Estudios Hispano-Americanos (Sevilla)
_9134366
852 _aES-MaACL
_jL-385
_bR.101107
999 _c69664
_d69664